UBT Library

PATHOPHYSIOLOGY: RENAL, HEMATOLOGY AND ONCOLOGY (Record no. 10131)

000 -LEADER
fixed length control field 00318nam a22001337a 4500
008 - FIXED-LENGTH DATA ELEMENTS--GENERAL INFORMATION
fixed length control field 170407b xxu||||| |||| 00| 0 eng d
020 ## - INTERNATIONAL STANDARD BOOK NUMBER
International Standard Book Number 9781405103527
041 ## - LANGUAGE CODE
Language code of text/sound track or separate title eng
080 ## - UNIVERSAL DECIMAL CLASSIFICATION NUMBER
Universal Decimal Classification number 616
100 ## - Rafti
Rafti 9
101 ## - Shkurtesa
Shkurtesa SHM
245 ## - TITLE STATEMENT
Title PATHOPHYSIOLOGY: RENAL, HEMATOLOGY AND ONCOLOGY
Statement of responsibility, etc CAUGHEY, A.B
942 ## - ADDED ENTRY ELEMENTS (KOHA)
Source of classification or shelving scheme
Item type Books

No items available.

UBT Library © 2015-2024. All rights reserved University Education for Business and Technology